000 00494nam a2200181Ia 4500
001 602
005 20260306140530.0
008 260306t2016||||xx |||||||||||||| ||spa||
041 _aESP
082 _a128
_bM65
100 _aUniversidad Católica San Pablo
_eAUT
245 0 _aEl misterio de la persona :
_breflexiones antropológicas en la senda del Concilio Vaticano II
260 _c2016
300 _a333 páginas :
_c22 cm.
650 _aGEN
654 _aCHU
942 _cLIB
_dJUS
_fJUS
_2ddc
_n
999 _c602
_d602